Fuentes, corrientes, icebergs (Registro nro. 308730)
[ vista simple ]
| 000 -ENCABEZADO | |
|---|---|
| Número de control [NR] | 01027 a2200289 4500 |
| 005 - FECHA Y HORA DE LA ÚLTIMA TRANSACCIÓN | |
| control field | 20171206091411.0 |
| 008 - DE LONGITUD FIJA DE DATOS DE ELEMENTOS - INFORMACIÓN GENERAL | |
| Elementos de longitud fija [NR] | 171206s2016 ck ||||| |||| 00| 0 spa d |
| 020 ## - NUMERO INTERNACIONAL NORMALIZADO PARA LIBROS [R] | |
| Número Internacional Normalizado del libro [NR] | 9789877191004 |
| 040 ## - FUENTE DE CATALOGACION [NR] | |
| Agencia de catalogación original [NR] | CO-BoUCM |
| Idioma de catalogación [NR] | spa |
| Quien Cataloga | Saul Niño |
| Quien Clasifica | Saul Niño |
| 041 0# - CODIGO DE IDIOMA [R] | |
| Código de idioma para texto/pista de sonido o título separado [R] | Español |
| 100 1# - ASIENTO PRINCIPAL--NOMBRE PERSONAL [NR] | |
| Nombre personal [NR] | Blumenberg, Hans |
| ID Autoridad | 1164 |
| 245 10 - MENCION DE TITULO [NR] | |
| Título [NR] | Fuentes, corrientes, icebergs |
| Mención de responsabilidad, etc. [NR] | Hans Blumenberg ; traducción y notas de Griselda Mársico con la colaboración de Uwe Schoor |
| 260 ## - PUBLICACION, DISTRIBUCION, ETC. (PIE DE IMPRENTA) [R] | |
| Lugar de publicación, distribución, etc. [R] | Colombia |
| -- | México |
| Nombre del editor, distribuidor, etc. [R] | Fondo de Cultura Económica |
| Fecha de publicación, distribución, etc. [R] | 2016 |
| 300 ## - DESCRIPCION FISICA [R] | |
| Extensión [R] | 342 páginas |
| 490 ## - MENCION DE SERIE [R] | |
| Mención de serie [R] | Filosofía |
| 650 17 - ASIENTO SECUNDARIO DE MATERIA - TERMINO TEMATICO [R] | |
| 9 (RLIN) | 75 |
| Término temático o nombre geográfico como elemento de entrada [NR] | Filosofía |
| 650 #0 - ASIENTO SECUNDARIO DE MATERIA - TERMINO TEMATICO [R] | |
| Término temático o nombre geográfico como elemento de entrada [NR] | Filosofía alemana |
| 9 (RLIN) | 7622 |
| 650 #7 - ASIENTO SECUNDARIO DE MATERIA - TERMINO TEMATICO [R] | |
| 9 (RLIN) | 15835 |
| Término temático o nombre geográfico como elemento de entrada [NR] | Filosofía moderna |
| 650 #7 - ASIENTO SECUNDARIO DE MATERIA - TERMINO TEMATICO [R] | |
| 9 (RLIN) | 19398 |
| Término temático o nombre geográfico como elemento de entrada [NR] | Metáfora |
| 700 1# - ASIENTO SECUNDARIO - NOMBRE PERSONAL [R] | |
| Nombre personal [NR] | Mársico, Griselda |
| Término de relación [R] | traductor |
| 9 (RLIN) | 85141 |
| 700 1# - ASIENTO SECUNDARIO - NOMBRE PERSONAL [R] | |
| Nombre personal [NR] | Schoor, Uwe |
| Término de relación [R] | traductor |
| 9 (RLIN) | 90082 |
| 700 1# - ASIENTO SECUNDARIO - NOMBRE PERSONAL [R] | |
| Nombre personal [NR] | Bulow, Ulrich Von |
| Término de relación [R] | editor |
| 9 (RLIN) | 90083 |
| 700 1# - ASIENTO SECUNDARIO - NOMBRE PERSONAL [R] | |
| Nombre personal [NR] | Krusche, Dorit |
| Término de relación [R] | editor |
| 9 (RLIN) | 90084 |
| 765 ## - ASIENTO DE IDIOMA ORIGINAL [R] | |
| Asiento principal [NR] | Quellen, strome, eisberge |
| 942 ## - ELEMENTOS DE ENTRADA AGREGADOS (KOHA) | |
| Tipo de ítem principal el descrito en 300a | Libro |
| Sistema de clasificación | DEWEY |
| Tema principal | Filosofía |
| Edición | 1 |
| Clasificación | 193 |
| Parte restante de la signatura top. | B658qf |
| Total préstamos | Signatura topográfica | Código de barras | Última vez visto | Ejemplar | Costo de reposición | Price effective from | Tipo de ítem | Perdido | Sistema de clasificación | Dañado | No prestable | Tipo de ítem específico | Suprimido | Ubicación habitual | Ubicación actual | Localización | Fecha de creación | Proveedor | Forma de adquisición | Costo | Fecha de último préstamo | Total Renewals |
|---|---|---|---|---|---|---|---|---|---|---|---|---|---|---|---|---|---|---|---|---|---|---|
| 193 B658qf | 100155785 | 10/12/2025 | Ej.2 | 77350.00 | 27/11/2017 | Libro | DEWEY | Libro | Claustro | Claustro | 2do piso | 27/11/2017 | 9 | Compra | 77350.00 | |||||||
| 193 B658qf | 100155786 | 10/12/2025 | Ej.3 | 77350.00 | 27/11/2017 | Libro | DEWEY | Libro | Claustro | Claustro | 2do piso | 27/11/2017 | 9 | Compra | 77350.00 | |||||||
| 1 | 193 B658qf | 100155784 | 10/12/2025 | Ej.1 | 77350.00 | 27/11/2017 | Libro | DEWEY | Libro | Claustro | Claustro | 2do piso | 27/11/2017 | 9 | Compra | 77350.00 | 01/02/2018 | 3 |